ბათუმის შოთა რუსთაველის სახელმწიფო უნივერსიტეტის ბიბლიოთეკა

Лекции по математической теории устойчивости (ბიბ.ჩანაწერი № 39165)

000 -LEADER
fixed length control field 00646nam a2200217Ia 4500
001 - CONTROL NUMBER
control field 5748
003 - CONTROL NUMBER IDENTIFIER
control field GE_BSU
008 - FIXED-LENGTH DATA ELEMENTS--GENERAL INFORMATION
fixed length control field 181216s||||||||xx |||||||||||||| ||und||
040 ## - CATALOGING SOURCE
Transcribing agency GE_BSU
080 ## - UNIVERSAL DECIMAL CLASSIFICATION NUMBER
Universal Decimal Classification number 517.91
100 ## - MAIN ENTRY--PERSONAL NAME
Personal name Демидович Б.П.,
245 ## - TITLE STATEMENT
Title Лекции по математической теории устойчивости
245 ## - TITLE STATEMENT
Statement of responsibility, etc. РедН.П. Купцов
260 ## - PUBLICATION, DISTRIBUTION, ETC.
Place of publication, distribution, etc. Москва
260 ## - PUBLICATION, DISTRIBUTION, ETC.
Name of publisher, distributor, etc. Наука
260 ## - PUBLICATION, DISTRIBUTION, ETC.
Date of publication, distribution, etc. 1987
300 ## - PHYSICAL DESCRIPTION
Extent 472с 22 см
300 ## - PHYSICAL DESCRIPTION
Accompanying material Библиогрс-470-472
653 ## - INDEX TERM--UNCONTROLLED
Uncontrolled term Лекции по математической теории устойчивости
942 ## - ADDED ENTRY ELEMENTS (KOHA)
Koha item type წიგნი
ეგზემპლარები
Withdrawn status Lost status Damaged status Not for loan Date acquired Barcode Date last seen Price effective from Koha item type
        2018-12-17 16514 2018-12-17 2018-12-17 წიგნი
        2018-12-17 16515 2018-12-17 2018-12-17 წიგნი